Países por migración neta - Estadísticas

Estadísticas generales
  • Esta prueba ha sido intentada 2.829 veces
    486 desde el último reinicio
  • La puntuación promedio es 19 de 24
Estadísticas de respuestas
Saldo migratorio País % Correcto
+49,2 M Estados Unidos
99%
+7,25 M España
98%
-10,0 M China
97%
+6,64 M Francia
96%
-9,87 M México
96%
+12,5 M Alemania
95%
+7,46 M Canadá
93%
+3,61 M Italia
93%
-13,7 M India
92%
+7,04 M Reino Unido
92%
-7,07 M Venezuela
90%
+7,68 M Australia
87%
+3,95 M Turquía
79%
-4,71 M Ucrania
79%
-8,03 M Siria
75%
+13,5 M Arabia Saudita
74%
-3,68 M Egipto
68%
-7,43 M Afganistán
67%
+7,99 M Emiratos Árabes Unidos
66%
-5,80 M Bangladés
64%
-6,90 M Filipinas
59%
-3,93 M Rumania
56%
+4,62 M Jordania
47%
-4,24 M Myanmar
44%
No se encontraron pruebas coincidentes
Distribución de puntuación
Porcentaje de gente con cada puntuación
Porcentaje por número respondido
Historial de tus puntuaciones
No has intentado esta prueba desde el último reinicio